| 000 | 00987 a2200229 4500 | ||
|---|---|---|---|
| 003 | Nust | ||
| 005 | 20221222085328.0 | ||
| 010 | _a 95930664 | ||
| 020 | _a8171512631 | ||
| 040 | _cNust | ||
| 082 | 0 | 0 | _a330,KHA |
| 100 | 1 |
_aKhan, Muhammad Akram, _9105586 |
|
| 245 | 1 | 3 |
_aAn introduction to Islamic economics / _cMuhammad Akram Khan. |
| 260 |
_aIslamabad : _bInternational Institute of Islamic Thought and Institute of Islamic Studies, _c1994. |
||
| 300 |
_axii, 153 p. ; _c25 cm. |
||
| 490 | 1 |
_aIslamization of knowledge ; _v15 |
|
| 505 | _aIslamic Economics: An Overview (Page-1), The Nature Of Islamic Economics (Page-29), The Methodology Of Islamic Economics (Page-57), Islamic Economics In Practice (Page-79), Hope For The Future (Page-85), Direction Of Future Research (Page-107). | ||
| 650 | 0 |
_aEconomics _xReligious aspects _xIslam. _910151 |
|
| 650 | 0 |
_aIslam _xEconomic aspects. _910142 |
|
| 830 | 0 |
_aIslamization of knowledge series ; _9105587 |
|
| 942 |
_2ddc _cBK _k330,KHA |
||
| 999 |
_c184550 _d184550 |
||